000 00950cam a2200277 i 4500
001 2680130
003 OSt
005 20230704115746.0
008 741212s1974 ctub b 001 0 eng
010 _a 74079977
020 _a0300017820 :
_c$12.50
040 _aDLC
_cDLC
_dDLC
082 0 0 _a341.5
_bRIK
100 1 _aRikhye, Indar Jit,
_d1920-2007.
245 1 4 _aThe thin blue line :
_binternational peacekeeping and its future /
_cIndar Jit Rikhye, Michael Harbottle, Bjørn Egge.
260 _aNew Haven :
_bYale University Press,
_c1974.
300 _axvi, 353 p. :
_bmaps ;
_c25 cm.
500 _a"A study sponsored by the International Peace Academy."
500 _aIncludes index.
504 _aBibliography: p. [340]-343.
610 2 0 _aUnited Nations
_xArmed Forces.
700 1 _aHarbottle, Michael,
_ejoint author.
700 1 _aEgge, Bjørn,
_ejoint author.
906 _a7
_bcbc
_corignew
_d2
_eopcn
_f19
_gy-gencatlg
942 _2ddc
_cBK
999 _c3764
_d3764